| 000 | 01015nam a2200229Ia 4500 | ||
|---|---|---|---|
| 003 | CO-CtgCURN | ||
| 005 | 20250409210216.0 | ||
| 008 | 190724s9999 xx 000 0 und d | ||
| 020 | _a9789588736396 | ||
| 040 |
_aCO-CtgCURN _bspa _ccoctgcurn |
||
| 082 |
_a370.986 _bP438a |
||
| 100 | _aPérez cantillo, William | ||
| 245 | 0 |
_aArticulacion de la educación media academica con la educación superior en el ciclo de ciencias basicas: caso Facultades de Ingenierias y Ciencias Farmaceuticas de la Universidad de Cartagena 2005 - 2007 / _cWilliam Pérez Cantillo |
|
| 260 |
_aCartagena de Indias, Bolívar : _bEditorial Universitaria, _c2013 |
||
| 300 |
_a231 páginas ; _c23 centímetros |
||
| 504 | _aIncluye referencias bibliográficas (p. 217-220) | ||
| 521 | _aAREA SOCIOHUMANISTICA | ||
| 590 | _aTodos los programas académicos | ||
| 650 |
_aeducación superior _zCartagena de Indias |
||
| 942 |
_cBK _h370.986 _iP438a |
||
| 999 |
_c29967 _d29967 |
||